[Event "NOR-chT Club"]
[Site "Drammen"]
[Date "2019.05.30"]
[Round "5"]
[White "Ramirez Garrastacho, Manuel"]
[Black "Madsen, Dag"]
[Result "0-1"]
[WhiteElo "2089"]
[BlackElo "2262"]
[PlyCount "78"]
[EventDate "2019.05.30"]
[EventType "team-swiss"]
[EventRounds "6"]
[EventCountry "NOR"]
[SourceTitle "CBM 190 Extra"]
[Source "ChessBase"]
[SourceDate "2019.07.15"]
[SourceVersion "1"]
[SourceVersionDate "2019.07.15"]
[SourceQuality "1"]
[WhiteTeam "Stjernen"]
[BlackTeam "Bodo"]
[WhiteTeamCountry "NOR"]
[BlackTeamCountry "NOR"]

1. d4 d5 2. c4 c6 3. Nc3 dxc4 4. a4 Nf6 5. e3 e5 6. Bxc4 exd4 7. exd4 Bd6 8. Nf3 Qe7+ 9. Be3 Ng4 10. 0-0 0-0 11. Bg5 Bxh2+ 12. Kh1 Qc7 13. g3 Bxg3 14. fxg3 Qxg3 15. Qe1 Qh3+ 16. Kg1 Be6 17. Bxe6 fxe6 18. Qxe6+ Kh8 19. Qe2 Nd7 20. Qg2 Qh5 21. Ne4 h6 22. Bd2 Ndf6 23. Nxf6 Rxf6 24. Ne5 Nxe5 25. Rxf6 gxf6 26. dxe5 Rg8 27. Bc3 Rxg2+ 28. Kxg2 fxe5 29. Re1 Qg4+ 30. Kf2 Qg6 31. Rxe5 Kg8 32. Re8+ Kf7 33. Rh8 Qc2+ 34. Ke1 c5 35. Ra8 Qe4+ 36. Kd1 c4 37. Rxa7 Ke6 38. Bd2 Qb1+ 39. Bc1 c3 0-1

[Event "Helgeland & Salten Region-ch"]
[Site "Fauske"]
[Date "2018.01.28"]
[Round "4"]
[White "Nilsen, Leif Inge"]
[Black "Madsen, Dag"]
[Result "0-1"]
[WhiteElo "1529"]
[BlackElo "2262"]
[PlyCount "77"]
[EventDate "2018.01.27"]
[EventType "swiss"]
[EventRounds "4"]
[EventCountry "NOR"]
[SourceTitle "EXT 2024"]
[Source "ChessBase"]
[SourceDate "2023.10.10"]
[SourceVersion "1"]
[SourceVersionDate "2023.10.10"]
[SourceQuality "1"]

1. e4 e5 2. Nf3 Nc6 3. b3 Nf6 4. Nc3 Bc5 5. Bc4 d6 6. 0-0 a6 7. h3 0-0 8. Qe1 b5 9. Be2 Nd4 10. Nxd4 Bxd4 11. Bb2 Bb7 12. d3 Re8 13. Nd1 d5 14. Bxd4 exd4 15. f3 Qd6 16. Qf2 c5 17. c3 dxe4 18. fxe4 Rac8 19. Qf4 Qxf4 20. Rxf4 Nd5 21. Rf2 Nxc3 22. Nxc3 dxc3 23. Rc1 b4 24. a4 Rc7 25. Kf1 Rd8 26. Ke1 a5 27. Kd1 Bxe4 28. Kc2 Bg6 29. g4 h6 30. Rd1 Re7 31. Bf1 Rd4 32. Re2 Rxe2+ 33. Bxe2 Rf4 34. Rf1 Rxf1 35. Bxf1 f5 36. Bg2 Kf7 37. Bf3 Ke6 38. Be2 Ke5 39. h4 0-1

[Event "NOR-chT 0607"]
[Site "Oslo"]
[Date "2007.01.14"]
[Round "6"]
[White "Madsen, Dag"]
[Black "Ogaard, Leif"]
[Result "0-1"]
[WhiteElo "2268"]
[BlackElo "2394"]
[PlyCount "118"]
[EventDate "2006.11.10"]
[EventType "team"]
[EventRounds "9"]
[EventCountry "NOR"]
[SourceTitle "EXT 2008"]
[Source "ChessBase"]
[SourceDate "2007.11.25"]
[SourceVersion "1"]
[SourceVersionDate "2007.11.25"]
[SourceQuality "1"]

1. Nf3 d5 2. d4 Nf6 3. c4 e6 4. g3 Bb4+ 5. Bd2 Be7 6. Bg2 0-0 7. 0-0 Nbd7 8. Qb3 Nb6 9. c5 Nc4 10. Bf4 c6 11. Qc2 b6 12. b3 Na5 13. b4 Nc4 14. Nbd2 Nxd2 15. Bxd2 Nd7 16. e4 Ba6 17. Rfe1 Nf6 18. Ne5 Rc8 19. a4 dxe4 20. Bxe4 Nxe4 21. Qxe4 Bf6 22. Rac1 Bxe5 23. Qxe5 Re8 24. Bf4 b5 25. Ra1 Re7 26. a5 Rd7 27. Rad1 Rd5 28. Qe4 Qd7 29. Bd6 Re8 30. Qg4 f6 31. Qf3 Bc8 32. Qb3 Qf7 33. f4 Bd7 34. Qf3 Qg6 35. Qe4 Qh5 36. Qe2 Qxe2 37. Rxe2 e5 38. Red2 exf4 39. Bxf4 g5 40. Bd6 Re4 41. Kf2 Bg4 42. Rb1 a6 43. Rb3 Kf7 44. Rbd3 Ke6 45. Kg2 Be2 46. Rc3 Rf5 47. d5+ Rxd5 48. Rxd5 Kxd5 49. Kf2 Bh5 50. h3 Rxb4 51. Be7 Rb2+ 52. Kf1 b4 53. Rd3+ Kc4 54. Rd6 Re2 55. Bxf6 Kxc5 56. Rd7 Re6 57. Be7+ Kc4 58. Rb7 Rxe7 59. Rxe7 b3 0-1

[Event "NOR-chT 0607"]
[Site "Oslo"]
[Date "2006.11.10"]
[Round "1"]
[White "Madsen, Dag"]
[Black "Hansen, Torbjorn Ringdal"]
[Result "1-0"]
[WhiteElo "2268"]
[BlackElo "2340"]
[PlyCount "87"]
[EventDate "2006.11.10"]
[EventType "team"]
[EventRounds "9"]
[EventCountry "NOR"]
[SourceTitle "CBM 115 Extra"]
[Source "ChessBase"]
[SourceDate "2007.01.10"]
[SourceVersion "1"]
[SourceVersionDate "2007.01.10"]
[SourceQuality "1"]

1. Nf3 c5 2. c4 Nf6 3. Nc3 Nc6 4. g3 g6 5. d4 cxd4 6. Nxd4 Bg7 7. Bg2 0-0 8. 0-0 Nxd4 9. Qxd4 d6 10. Qd3 a6 11. Bd2 Rb8 12. c5 Bf5 13. e4 dxc5 14. Qxd8 Rbxd8 15. Bg5 Be6 16. e5 Nd5 17. Bxd5 Bxd5 18. Bxe7 Bf3 19. Bxd8 Rxd8 20. Rfe1 Bh6 21. Ne4 c4 22. h4 Kf8 23. a4 Ke7 24. a5 Rd4 25. Ng5 Bxg5 26. hxg5 Rd2 27. Re3 Bd5 28. Rb1 Kd7 29. Kf1 Kc6 30. Ke1 Rd4 31. Rd1 Rxd1+ 32. Kxd1 Kb5 33. Ra3 Kb4 34. Kd2 Bc6 35. Ke3 Kc5 36. f4 Bd7 37. Ra1 Kb4 38. Rh1 Kb3 39. Rh2 Bf5 40. Kd4 Be6 41. Kc5 Ka4 42. Kb6 Bf5 43. Rxh7 Kb3 44. Rh2 1-0

[Event "NOR-ch"]
[Site "Moss"]
[Date "2006.07.12"]
[Round "6"]
[White "Sagafos, Magne"]
[Black "Madsen, Dag"]
[Result "1-0"]
[WhiteElo "2331"]
[BlackElo "2290"]
[PlyCount "119"]
[EventDate "2006.07.08"]
[EventType "swiss"]
[EventRounds "9"]
[EventCountry "NOR"]
[SourceTitle "CBM 113 Extra"]
[Source "ChessBase"]
[SourceDate "2006.09.14"]
[SourceVersion "1"]
[SourceVersionDate "2006.09.14"]
[SourceQuality "1"]

1. e4 Nf6 2. e5 Nd5 3. c4 Nb6 4. d4 d6 5. exd6 exd6 6. Nc3 Be7 7. Bd3 Nc6 8. Nge2 0-0 9. b3 Re8 10. 0-0 Bf8 11. Be3 Nb4 12. Bb1 c6 13. a3 Na6 14. Qd2 d5 15. c5 Nd7 16. b4 Nc7 17. Bd3 b6 18. Rfe1 bxc5 19. bxc5 Ne6 20. Nf4 Nf6 21. Nxe6 Rxe6 22. f3 h6 23. Ne2 Re8 24. Bf2 g6 25. Qb4 Nh5 26. Qa4 Bd7 27. Ba6 Rb8 28. Rab1 Rxb1 29. Rxb1 Qg5 30. Qd1 Bh3 31. Ng3 Nf6 32. gxh3 h5 33. Bf1 h4 34. Kh1 Bh6 35. Rb2 hxg3 36. hxg3 Nh5 37. Kh2 Qd8 38. Re2 Rxe2 39. Qxe2 Kf8 40. Qe5 Bg7 41. Qe3 Bf6 42. h4 Qc7 43. Bh3 Ng7 44. Kg2 Qe7 45. Qf4 Ne6 46. Bxe6 Qxe6 47. Qb8+ Kg7 48. Qxa7 Qe2 49. Qa4 Qd2 50. Qb4 Qxb4 51. axb4 Kf8 52. g4 Ke7 53. Kg3 Ke6 54. Kf4 g5+ 55. hxg5 Bd8 56. Bh4 Bc7+ 57. Ke3 Bh2 58. f4 Bg1+ 59. Bf2 Bh2 60. Kf3 1-0

[Event "NOR-ch"]
[Site "Moss"]
[Date "2006.07.10"]
[Round "3"]
[White "Hansen, Torbjorn Ringdal"]
[Black "Madsen, Dag"]
[Result "1-0"]
[WhiteElo "2319"]
[BlackElo "2290"]
[PlyCount "115"]
[EventDate "2006.07.08"]
[EventType "swiss"]
[EventRounds "9"]
[EventCountry "NOR"]
[SourceTitle "CBM 113 Extra"]
[Source "ChessBase"]
[SourceDate "2006.09.14"]
[SourceVersion "1"]
[SourceVersionDate "2006.09.14"]
[SourceQuality "1"]

1. e4 Nf6 2. e5 Nd5 3. c4 Nb6 4. d4 d6 5. exd6 exd6 6. Nc3 Be7 7. Bd3 Nc6 8. Nge2 0-0 9. 0-0 Re8 10. b3 Bf6 11. Be3 Bg4 12. Qd2 Nb4 13. h3 Be6 14. d5 Bd7 15. Be4 a5 16. Rac1 Na6 17. Bb1 Nc5 18. Ng3 Nc8 19. Nge4 Nxe4 20. Nxe4 Bf5 21. Nxf6+ Qxf6 22. Rfe1 Ne7 23. Bg5 Qg6 24. Bxe7 Bxb1 25. Rxb1 Rxe7 26. Rxe7 Qxb1+ 27. Re1 Qf5 28. Qxa5 Qc8 29. Qd2 Qd7 30. Qe2 h6 31. a4 Kf8 32. Qe4 f5 33. Qe6 Qxe6 34. Rxe6 Ra6 35. f4 Kf7 36. Kf2 Rb6 37. Re3 g5 38. g3 Ra6 39. Ke2 Rb6 40. Kd2 Ra6 41. Re6 gxf4 42. gxf4 Ra8 43. Rxh6 Kg7 44. Re6 Kf7 45. Re3 Rg8 46. Kc3 Rg1 47. Rf3 Ke7 48. Kb4 Kd7 49. Kb5 Rg2 50. a5 Rg1 51. h4 Rh1 52. Rg3 Rxh4 53. Rg7+ Kc8 54. a6 Kb8 55. Rf7 bxa6+ 56. Kxa6 Kc8 57. Rxf5 Rh3 58. b4 1-0

[Event "NOR-ch"]
[Site "Moss"]
[Date "2006.07.09"]
[Round "2"]
[White "Madsen, Dag"]
[Black "Ostmoe, Geir S Tallaksen"]
[Result "0-1"]
[WhiteElo "2290"]
[BlackElo "2356"]
[PlyCount "80"]
[EventDate "2006.07.08"]
[EventType "swiss"]
[EventRounds "9"]
[EventCountry "NOR"]
[SourceTitle "CBM 113 Extra"]
[Source "ChessBase"]
[SourceDate "2006.09.14"]
[SourceVersion "1"]
[SourceVersionDate "2006.09.14"]
[SourceQuality "1"]

1. Nf3 Nf6 2. c4 e6 3. g3 d5 4. d4 dxc4 5. Bg2 Bd7 6. Qc2 Bc6 7. Qxc4 Bd5 8. Qa4+ Qd7 9. Qxd7+ Nbxd7 10. Nc3 Bb4 11. Bd2 Bxc3 12. Bxc3 Ne4 13. 0-0 0-0 14. Rfc1 Nxc3 15. Rxc3 c6 16. Bh3 Bxf3 17. Rxf3 Rfd8 18. Rb3 Rab8 19. Rc1 Kf8 20. e3 Ke7 21. Ra3 Ra8 22. b4 Nb6 23. Bg2 a6 24. Rc5 Kd6 25. f4 f5 26. g4 g6 27. e4 fxe4 28. f5 gxf5 29. gxf5 Nd7 30. Bxe4 Nxc5 31. bxc5+ Ke7 32. Rb3 Rab8 33. fxe6 Rxd4 34. Bxh7 Kxe6 35. Rg3 Rd1+ 36. Kf2 Rd2+ 37. Ke3 Rxh2 38. Bd3 Rh5 39. Bc4+ Kf6 40. Rf3+ Rf5 0-1

[Event "NOR-chT"]
[Site "Oslo"]
[Date "2006.06.08"]
[Round "2"]
[White "Madsen, Dag"]
[Black "Sahl, Bjarke"]
[Result "0-1"]
[WhiteElo "2290"]
[BlackElo "2381"]
[PlyCount "68"]
[EventDate "2006.06.07"]
[EventType "team"]
[EventRounds "5"]
[EventCountry "NOR"]
[SourceTitle "CBM 112 Extra"]
[Source "ChessBase"]
[SourceDate "2006.07.14"]
[SourceVersion "1"]
[SourceVersionDate "2006.07.14"]
[SourceQuality "1"]

1. Nf3 Nf6 2. c4 e6 3. g3 c5 4. Bg2 d5 5. cxd5 Nxd5 6. d4 cxd4 7. 0-0 Be7 8. Nxd4 0-0 9. Nc3 Nxc3 10. bxc3 a6 11. Bf4 Nd7 12. Nf3 Bf6 13. Bd6 Re8 14. Rb1 Qa5 15. Nd2 Qxa2 16. Ne4 Qa5 17. c4 Ne5 18. c5 Nc6 19. Nxf6+ gxf6 20. Qc1 Kg7 21. Rd1 e5 22. Bd5 Qa4 23. e3 Qg4 24. Qd2 a5 25. Rdc1 e4 26. Ra1 Ne5 27. Bxe5 Rxe5 28. Bb3 Qh3 29. Bd1 Bg4 30. Bxg4 Qxg4 31. Rxa5 Rxa5 32. Qxa5 Qh3 33. Qb4 Rh5 34. Qxe4 Qxh2+ 0-1

[Event "Hastings Masters op 81st"]
[Site "Hastings"]
[Date "2006.01.01"]
[Round "5"]
[White "Gordon, Stephen J"]
[Black "Madsen, Dag"]
[Result "1/2-1/2"]
[WhiteElo "2411"]
[BlackElo "2301"]
[PlyCount "195"]
[EventDate "2005.12.28"]
[EventType "swiss"]
[EventRounds "10"]
[EventCountry "ENG"]
[SourceTitle "CBM 110 Extra"]
[Source "ChessBase"]
[SourceDate "2006.03.10"]
[SourceVersion "2"]
[SourceVersionDate "2006.03.10"]
[SourceQuality "1"]

1. d4 d5 2. Nf3 Nf6 3. c4 c6 4. e3 Bf5 5. Bd3 Bxd3 6. Qxd3 e6 7. Nc3 Nbd7 8. 0-0 Be7 9. e4 dxe4 10. Nxe4 Nxe4 11. Qxe4 0-0 12. Rd1 Nf6 13. Qe2 Re8 14. Bf4 Qa5 15. Be5 Rad8 16. a3 b5 17. Rac1 Rc8 18. Rd3 bxc4 19. Rdc3 Qd5 20. Rxc4 Nd7 21. R4c3 c5 22. b4 Nxe5 23. dxe5 Red8 24. h4 Rc7 25. Qa6 Rdc8 26. Rc4 h6 27. Qa5 Bf8 28. a4 g6 29. h5 g5 30. b5 Bg7 31. Qc3 Rd8 32. a5 Qd3 33. Qxd3 Rxd3 34. b6 axb6 35. axb6 Rb7 36. Rb1 Rd5 37. Ra4 Rd8 38. Ra7 Rdb8 39. Rxb7 Rxb7 40. Nd2 Bxe5 41. Nc4 Bb8 42. Rb5 Rd7 43. g3 Rd5 44. Ra5 Kg7 45. Ra8 Rd4 46. Na5 Bd6 47. Rd8 Ra4 48. Nc6 Ra1+ 49. Kg2 Rb1 50. Rxd6 Rxb6 51. Kf3 Kf6 52. g4 Ra6 53. Ke3 Rb6 54. Kd3 Rb2 55. Rd7 Rxf2 56. Nd8 Rg2 57. Nxf7 Rg3+ 58. Kd2 Rxg4 59. Nxh6 Rh4 60. Ng8+ Ke5 61. h6 g4 62. Rg7 Kf4 63. h7 g3 64. Ne7 Rh2+ 65. Kd3 c4+ 66. Kxc4 g2 67. Ng6+ Ke3 68. Ne5 Rxh7 69. Rxg2 Rc7+ 70. Kb5 Ke4 71. Re2+ Kd5 72. Nc6 Rb7+ 73. Ka6 Rb1 74. Ne7+ Kd6 75. Nc8+ Kc7 76. Rc2+ Kd7 77. Nb6+ Ke7 78. Kb7 e5 79. Kc6 Ke6 80. Na4 e4 81. Nc5+ Kf5 82. Rf2+ Ke5 83. Re2 Rc1 84. Rxe4+ Kf5 85. Re2 Kf6 86. Kd5 Rd1+ 87. Ke4 Rc1 88. Rf2+ Ke7 89. Kd5 Rd1+ 90. Ke5 Re1+ 91. Ne4 Ra1 92. Rc2 Ra5+ 93. Nc5 Kf7 94. Rf2+ Kg6 95. Rg2+ Kf7 96. Rf2+ Kg6 97. Rg2+ Kf7 98. Rf2+ 1/2-1/2

[Event "Hastings Masters op 81st"]
[Site "Hastings"]
[Date "2005.12.30"]
[Round "3"]
[White "Madsen, Dag"]
[Black "Mansson, James C"]
[Result "1-0"]
[WhiteElo "2301"]
[BlackElo "2114"]
[PlyCount "113"]
[EventDate "2005.12.28"]
[EventType "swiss"]
[EventRounds "10"]
[EventCountry "ENG"]
[SourceTitle "CBM 110 Extra"]
[Source "ChessBase"]
[SourceDate "2006.03.10"]
[SourceVersion "2"]
[SourceVersionDate "2006.03.10"]
[SourceQuality "1"]

1. Nf3 d5 2. d4 Nf6 3. c4 e6 4. g3 Bb4+ 5. Bd2 Be7 6. Bg2 0-0 7. 0-0 c6 8. Qc2 b6 9. Rd1 Bb7 10. Nc3 Nbd7 11. b3 Rc8 12. e4 c5 13. exd5 exd5 14. dxc5 dxc4 15. b4 bxc5 16. b5 Qc7 17. Bf4 Qb6 18. a3 Rfe8 19. Nd2 Bxg2 20. Nxc4 Be4 21. Nxe4 Qxb5 22. Ned6 Bxd6 23. Nxd6 Re2 24. Rd2 Rxd2 25. Qxd2 Qc6 26. Nxc8 Qxc8 27. Rd1 h6 28. Qd6 Qe8 29. Be3 Qe4 30. Qd3 Qg4 31. Bf4 g5 32. Bc7 Qh5 33. f3 Qh3 34. Re1 h5 35. Bd8 h4 36. Bxf6 Nxf6 37. Qd6 Qf5 38. Qe5 Qg6 39. Qxc5 g4 40. f4 hxg3 41. hxg3 Qd3 42. Qe3 Qa6 43. Rd1 Qa5 44. Rd6 Qb5 45. Qd3 Qc5+ 46. Kg2 Qc1 47. f5 Qb2+ 48. Qd2 Qb7+ 49. Kh2 Ne4 50. Rd8+ Kh7 51. Qd4 Kh6 52. Rh8+ Kg5 53. Qg7+ Kxf5 54. Rh5+ Ke6 55. Qxg4+ Kd6 56. Qf4+ Ke7 57. Re5+ 1-0

[Event "Hastings Masters op 81st"]
[Site "Hastings"]
[Date "2005.12.28"]
[Round "1"]
[White "Madsen, Dag"]
[Black "Bobras, Piotr"]
[Result "0-1"]
[WhiteElo "2301"]
[BlackElo "2563"]
[PlyCount "174"]
[EventDate "2005.12.28"]
[EventType "swiss"]
[EventRounds "10"]
[EventCountry "ENG"]
[SourceTitle "CBM 110 Extra"]
[Source "ChessBase"]
[SourceDate "2006.03.10"]
[SourceVersion "2"]
[SourceVersionDate "2006.03.10"]
[SourceQuality "1"]

1. Nf3 Nf6 2. c4 g6 3. g3 Bg7 4. d4 d5 5. cxd5 Nxd5 6. Bg2 Nb6 7. 0-0 Nc6 8. e3 0-0 9. Nc3 Re8 10. Re1 Bd7 11. Ne4 e5 12. d5 Nb4 13. Nc5 e4 14. Nd2 Bc8 15. Ndxe4 N4xd5 16. Nd2 a5 17. Nc4 Nb4 18. Qe2 Nxc4 19. Qxc4 c6 20. a3 Nd5 21. e4 b6 22. Bg5 Ne7 23. Rad1 Qc7 24. Bf4 Qa7 25. Nd3 Be6 26. Qa4 Rad8 27. Be3 c5 28. Nf4 Bd7 29. Qc2 Nc6 30. Nd5 a4 31. Bg5 Nd4 32. Rxd4 Bxd4 33. Bxd8 Rxd8 34. e5 Bf5 35. Qc1 Kg7 36. Qg5 Re8 37. Nf6 Re6 38. Nh5+ Kf8 39. Bd5 gxh5 40. Qxf5 Rg6 41. Re4 Qe7 42. h4 Rxg3+ 43. Kf1 Rg6 44. Rf4 f6 45. exf6 Rxf6 46. Qxh5 Rxf4 47. Qh6+ Qg7 48. Qxf4+ Qf6 49. Qg3 Qf5 50. Bc4 Qb1+ 51. Kg2 Qe4+ 52. Qf3+ Qxf3+ 53. Kxf3 Bxb2 54. Bb5 h5 55. Bxa4 Bf6 56. Ke4 Kg7 57. f3 Bxh4 58. Bd7 Bf6 59. Be6 Bb2 60. a4 Kf6 61. Bd7 h4 62. Bh3 Bc1 63. Bc8 Kg5 64. Be6 Bf4 65. Bc8 Bd6 66. Be6 Be7 67. Bc8 Bf8 68. Bd7 Bg7 69. Be6 Bh8 70. f4+ Kg6 71. Kd5 Bd4 72. Bh3 Kf6 73. Bg4 Be3 74. Ke4 Bd2 75. Bh3 Bc1 76. Bg4 Bb2 77. Kd5 Bc3 78. Bh3 Bd2 79. Ke4 Ke7 80. Bg4 Kd6 81. Bh3 c4 82. Kd4 c3 83. Kd3 Kc5 84. f5 Kb4 85. Kc2 Bg5 86. f6 Bxf6 87. Bd7 Ka3 0-1

[Event "NOR-chT 0506"]
[Site "Norway"]
[Date "2005.12.04"]
[Round "1"]
[White "Madsen, Dag"]
[Black "Elvebakk, Jan"]
[Result "1-0"]
[WhiteElo "2311"]
[BlackElo "1659"]
[PlyCount "155"]
[EventDate "2005.11.01"]
[EventType "team"]
[EventRounds "2"]
[EventCountry "NOR"]
[SourceTitle "CBM 109 Extra"]
[Source "ChessBase"]
[SourceDate "2006.01.03"]
[SourceVersion "2"]
[SourceVersionDate "2006.01.03"]
[SourceQuality "1"]

1. Nf3 Nf6 2. c4 e6 3. d4 d5 4. g3 c5 5. cxd5 Nxd5 6. Bg2 Be7 7. 0-0 0-0 8. Nc3 Nxc3 9. bxc3 Nc6 10. Rb1 Rb8 11. Bf4 Bd6 12. Qc2 Bxf4 13. gxf4 Ne7 14. e3 Qc7 15. Ng5 g6 16. Qa4 a6 17. Qa3 c4 18. e4 h6 19. Nf3 Re8 20. Qc1 Kg7 21. Kh1 b5 22. Ne5 Rf8 23. Rg1 f6 24. Ng4 g5 25. fxg5 hxg5 26. e5 Ng6 27. exf6+ Rxf6 28. Qxg5 Qf4 29. Qxf6+ Qxf6 30. Nxf6 Kxf6 31. Be4 Nf4 32. f3 Bd7 33. Rbe1 b4 34. cxb4 Rxb4 35. Rg4 Nd3 36. Bxd3 cxd3 37. Rd1 Bb5 38. Rd2 Rc4 39. Rf4+ Kg5 40. Rg4+ Kf5 41. Kg1 Rc2 42. Rgg2 Rc4 43. Kf2 Rxd4 44. Ke3 Rh4 45. Rg8 Ke5 46. Rg4 Rh3 47. Rdg2 Kd5 48. R4g3 Rh4 49. Rg5+ e5 50. Rg8 Kc5 51. Rf8 Kd5 52. Rf6 Kc5 53. Rf5 Kd6 54. Rfg5 Kd5 55. R5g4 Rh3 56. R4g3 Rh4 57. h3 Bd7 58. Rd2 Bf5 59. Rg5 Ke6 60. Rb2 Kf6 61. Rg3 Ra4 62. Rb6+ Kf7 63. Rg5 Bxh3 64. Rxe5 Rxa2 65. Kxd3 Ra1 66. Rc5 Ke7 67. Rc7+ Kd8 68. Rg7 Bd7 69. Ke3 Ra3+ 70. Kf4 Kc7 71. Rf6 a5 72. Rff7 Rd3 73. Rg5 a4 74. Ra5 Kb6 75. Rxd7 Rxd7 76. Rxa4 Rd3 77. Rc4 Kb5 78. Rc1 1-0

[Event "Genova op 9th"]
[Site "Genova"]
[Date "2005.08.11"]
[Round "4"]
[White "Bontempi, Piero"]
[Black "Madsen, Dag"]
[Result "0-1"]
[WhiteElo "2328"]
[BlackElo "2285"]
[PlyCount "72"]
[EventDate "2005.08.08"]
[EventType "swiss"]
[EventRounds "9"]
[EventCountry "ITA"]
[SourceTitle "CBM 107 Extra"]
[Source "ChessBase"]
[SourceDate "2005.09.01"]
[SourceVersion "1"]
[SourceVersionDate "2005.09.01"]
[SourceQuality "1"]

1. e4 Nf6 2. e5 Nd5 3. c4 Nb6 4. a4 a5 5. c5 Nd5 6. Nc3 Nb4 7. Nf3 d6 8. cxd6 exd6 9. Bc4 d5 10. Bb3 Nd3+ 11. Ke2 Nb4 12. d4 b6 13. Kf1 Be7 14. Kg1 0-0 15. h3 Be6 16. Kh2 c5 17. Qe2 Qc8 18. Bg5 Bxg5 19. Nxg5 N8c6 20. Nf3 cxd4 21. Nb5 d3 22. Qd2 Qb8 23. Rhe1 Re8 24. Kg1 d4 25. Bxe6 Rxe6 26. Nbxd4 Nxd4 27. Nxd4 Rxe5 28. Qc3 Rc5 29. Qb3 Qf8 30. Rad1 Rd8 31. Re4 h6 32. Rf4 Qe7 33. Nf3 Qd7 34. Ne1 Qd5 35. Qxd5 Rdxd5 36. f3 d2 0-1

[Event "Genova op 9th"]
[Site "Genova"]
[Date "2005.08.10"]
[Round "3"]
[White "Madsen, Dag"]
[Black "Sanchez, Joseph"]
[Result "0-1"]
[WhiteElo "2285"]
[BlackElo "2452"]
[PlyCount "104"]
[EventDate "2005.08.08"]
[EventType "swiss"]
[EventRounds "9"]
[EventCountry "ITA"]
[SourceTitle "CBM 107 Extra"]
[Source "ChessBase"]
[SourceDate "2005.09.01"]
[SourceVersion "1"]
[SourceVersionDate "2005.09.01"]
[SourceQuality "1"]

1. Nf3 d5 2. d4 c6 3. c4 Nf6 4. e3 Bg4 5. cxd5 Nxd5 6. Be2 Nd7 7. e4 N5f6 8. Nc3 e6 9. 0-0 Bb4 10. e5 Nd5 11. Bg5 f6 12. Nxd5 exd5 13. exf6 Nxf6 14. Qb3 Qe7 15. a3 Ba5 16. Qa4 Bb6 17. Rae1 0-0 18. Bd3 Qf7 19. Ne5 Qh5 20. h4 Be6 21. Kh1 Ne4 22. Bxe4 dxe4 23. Rxe4 Bd5 24. Rg4 h6 25. Be7 Rf5 26. Qd1 Re8 27. Bf6 g5 28. Kg1 Re6 29. Rxg5+ Rxg5 30. hxg5 Qh4 31. Ng4 hxg5 32. Be5 Bd8 33. f3 Qh7 34. Qd2 Bc4 35. Rc1 Bd5 36. Qc2 Qxc2 37. Rxc2 Rg6 38. Ne3 Be6 39. Rc1 Bb6 40. Kf2 Rh6 41. Kg3 Kf7 42. Nc4 Bxc4 43. Rxc4 Rh4 44. f4 Kg6 45. fxg5 Rh1 46. Rc2 Rd1 47. Kf3 Kxg5 48. Ke4 Re1+ 49. Kd3 Kg4 50. Rf2 Rxe5 51. dxe5 Bxf2 52. e6 Bc5 0-1

[Event "NRW Class1 0405"]
[Site "Germany"]
[Date "2005.04.03"]
[Round "8.3"]
[White "Peschlow, Patrick"]
[Black "Madsen, Dag"]
[Result "1-0"]
[WhiteElo "2298"]
[BlackElo "2292"]
[PlyCount "137"]
[EventDate "2004.10.10"]
[EventType "team"]
[EventRounds "9"]
[EventCountry "GER"]
[SourceTitle "EXT 2006"]
[Source "ChessBase"]
[SourceDate "2005.11.24"]
[SourceVersion "1"]
[SourceVersionDate "2005.11.24"]
[SourceQuality "1"]
[WhiteTeam "Koeln Porz III"]
[BlackTeam "Werther"]
[WhiteTeamCountry "GER"]
[BlackTeamCountry "GER"]

1. e4 Nf6 2. e5 Nd5 3. d4 d6 4. c4 Nb6 5. exd6 exd6 6. Nf3 Be7 7. Bd3 Nc6 8. Nc3 Bg4 9. Be3 Bf6 10. h3 Bh5 11. g4 Bg6 12. Bxg6 hxg6 13. g5 Be7 14. d5 Nb8 15. Qd4 Kf8 16. 0-0-0 Qd7 17. Qg4 Qxg4 18. hxg4 Rxh1 19. Rxh1 Kg8 20. b3 N8d7 21. Re1 Bf8 22. Bd4 a6 23. Kc2 Rc8 24. Be3 a5 25. Rd1 Be7 26. Re1 Bf8 27. Rd1 Be7 28. Nb5 Kf8 29. Rh1 Kg8 30. Rd1 Kf8 31. Bf4 Nc5 32. Be3 Nbd7 33. Rh1 Kg8 34. Re1 Bf8 35. Bf4 Na6 36. Kc3 Ndc5 37. a3 Nd7 38. b4 axb4+ 39. axb4 Nb6 40. Be3 Nd7 41. Kb3 Ra8 42. Bf4 Nb6 43. Nd2 Rc8 44. Re2 Nd7 45. Re1 Nb6 46. Bg3 Nd7 47. f3 Nb6 48. f4 Nd7 49. Bf2 f6 50. Nf3 Kf7 51. f5 Ne5 52. Nxe5+ dxe5 53. c5 c6 54. Nc3 cxd5 55. Nxd5 Nb8 56. gxf6 gxf6 57. Rh1 gxf5 58. gxf5 Bg7 59. Kc4 Nd7 60. Ra1 Ke8 61. Ra7 Rb8 62. Nc7+ Ke7 63. Be3 Bf8 64. b5 e4 65. Kd5 Ne5 66. Kxe4 Kd7 67. Nd5 Ng4 68. c6+ Kd6 69. Bf4+ 1-0

[Event "Werther Schloss op-A 11th"]
[Site "Werther"]
[Date "2005.03.18"]
[Round "1"]
[White "Madsen, Dag"]
[Black "Schmidt, Oliver"]
[Result "1/2-1/2"]
[WhiteElo "2292"]
[BlackElo "2067"]
[PlyCount "34"]
[EventDate "2005.03.18"]
[EventType "swiss"]
[EventRounds "5"]
[EventCountry "GER"]
[SourceTitle "CBM 105 Extra"]
[Source "ChessBase"]
[SourceDate "2005.05.01"]
[SourceVersion "1"]
[SourceVersionDate "2005.05.01"]
[SourceQuality "1"]

1. Nf3 Nf6 2. c4 e6 3. g3 d5 4. d4 dxc4 5. Bg2 c5 6. 0-0 Nc6 7. Qa4 Bd7 8. Qxc4 b5 9. Qd3 Rc8 10. Nc3 cxd4 11. Nxd4 Nxd4 12. Qxd4 Bc5 13. Qd1 b4 14. Na4 Be7 15. b3 0-0 16. Bb7 Rc7 17. Bf3 Bb5 1/2-1/2

[Event "NRW Class1 0405"]
[Site "Germany"]
[Date "2005.02.13"]
[Round "7.3"]
[White "Madsen, Dag"]
[Black "Eismont, Igor"]
[Result "1-0"]
[WhiteElo "2292"]
[BlackElo "2290"]
[PlyCount "61"]
[EventDate "2004.10.10"]
[EventType "team"]
[EventRounds "9"]
[EventCountry "GER"]
[SourceTitle "EXT 2006"]
[Source "ChessBase"]
[SourceDate "2005.11.24"]
[SourceVersion "1"]
[SourceVersionDate "2005.11.24"]
[SourceQuality "1"]
[WhiteTeam "Werther"]
[BlackTeam "Brackel"]
[WhiteTeamCountry "GER"]
[BlackTeamCountry "GER"]

1. Nf3 Nf6 2. c4 e6 3. g3 b6 4. Bg2 Bb7 5. 0-0 Be7 6. Nc3 0-0 7. d4 Ne4 8. Bd2 Nxc3 9. Bxc3 Be4 10. d5 Bf6 11. Rc1 c5 12. Qd2 exd5 13. cxd5 d6 14. Qf4 Bxc3 15. Rxc3 Bxf3 16. Rxf3 Na6 17. g4 Nc7 18. Rh3 Re8 19. g5 Re5 20. Qh4 h6 21. f4 Rxe2 22. Qg4 Rxb2 23. Rxh6 Qe7 24. Rh3 Qe2 25. Bf3 Qe3+ 26. Kh1 Rf2 27. Rg1 g6 28. Qh4 Qd4 29. Qh7+ Kf8 30. f5 Re8 31. f6 1-0

[Event "Kiel op 17th"]
[Site "Kiel"]
[Date "2004.07.26"]
[Round "5"]
[White "Martinsen, Stig K"]
[Black "Madsen, Dag"]
[Result "0-1"]
[WhiteElo "2138"]
[BlackElo "2286"]
[PlyCount "86"]
[EventDate "2004.07.24"]
[EventType "swiss"]
[EventRounds "9"]
[EventCountry "GER"]
[SourceTitle "CBM 101 Extra"]
[Source "ChessBase"]
[SourceDate "2004.09.01"]
[SourceVersion "2"]
[SourceVersionDate "2004.09.01"]
[SourceQuality "1"]

1. d4 d5 2. c4 c6 3. Nf3 Nf6 4. e3 Bf5 5. cxd5 cxd5 6. Qb3 Qc7 7. Bd2 Nc6 8. Bb5 e6 9. 0-0 Bd6 10. Bb4 Ke7 11. Bxc6 bxc6 12. Nbd2 Nd7 13. Rfc1 Rhc8 14. Bxd6+ Qxd6 15. Qc3 f6 16. Nb3 Rab8 17. Qa5 Qb4 18. Qxb4+ Rxb4 19. Nfd2 e5 20. Rc3 Nf8 21. Rac1 Kd6 22. a3 Rb5 23. dxe5+ fxe5 24. f4 Rb6 25. fxe5+ Kxe5 26. Nd4 Bd7 27. b4 Kd6 28. N2b3 Ng6 29. b5 Ne5 30. a4 Nc4 31. bxc6 Bxc6 32. Nf5+ Ke5 33. a5 Rxb3 34. Rxb3 Kxf5 35. e4+ Kxe4 36. Re1+ Kd4 37. Re7 a6 38. Rxg7 Rf8 39. Rf3 Rxf3 40. gxf3 Ke3 41. f4 d4 42. Rxh7 d3 43. Re7+ Be4 0-1